书目信息 |
| 题名: |
跟我听
|
|
| 作者: | 余高峰 , 华燕 , 张蒙 主编 | |
| 分册: | 科技篇 | |
| 出版信息: | 天津 南开大学出版社 2009.02 |
|
| 页数: | 239页 | |
| 开本: | 21cm | |
| 丛书名: | ||
| 单 册: | ||
| 中图分类: | H319.9-44 | |
| 科图分类: | ||
| 主题词: | 新闻--xin wen--英语--听说教学--自学参考资料 | |
| 电子资源: | ||
| ISBN: | 978-7-310-03089-7 | |
| 000 | 01038nam0 2200277 450 | |
| 001 | 012010267985 | |
| 005 | 20100106135903.32 | |
| 010 | @a978-7-310-03089-7@dCNY22.00 (含光盘) | |
| 010 | @a978-7-900756-22-0@b光盘 | |
| 100 | @a20100106d2009 em y0chiy0120 ea | |
| 101 | 0 | @achi@aeng |
| 102 | @aCN@b120000 | |
| 105 | @ay z 000yy | |
| 106 | @ar | |
| 200 | 1 | @a跟我听@Agen wo ting@e英语新闻听力每日一练@e导论版@i科技篇@f余高峰, 华燕, 张蒙主编@Fyu gao feng,hua yan,zhang meng zhu bian |
| 210 | @a天津@c南开大学出版社@d2009.02 | |
| 215 | @a239页@d21cm@e光盘1片 | |
| 330 | @a本书共收录了科技相关新闻49篇,每一篇的导听部分均包括:本段报道的中心思想和三个内容要点,以及十个生词和短语。 | |
| 517 | 1 | @a英语新闻听力每日一练@Aying yu xin wen ting li mei ri yi lian |
| 606 | 0 | @a新闻@Axin wen@x英语@x听说教学@j自学参考资料 |
| 690 | @aH319.9-44@v4 | |
| 701 | 0 | @a余高峰@Ayu gao feng@4主编 |
| 701 | 0 | @a华燕@Ahua yan@4主编 |
| 701 | 0 | @a张蒙@Azhang meng@4主编 |
| 801 | 0 | @aCN@bQSSK@c20100106 |
| 905 | @b771404-08@dH319.9-44@eY750@f5 | |
| 跟我听:英语新闻听力每日一练:导论版.科技篇/余高峰, 华燕, 张蒙主编.-天津:南开大学出版社,2009.02 |
| 239页;21cm+光盘1片 |
| ISBN 978-7-310-03089-7:CNY22.00 (含光盘) |
| 本书共收录了科技相关新闻49篇,每一篇的导听部分均包括:本段报道的中心思想和三个内容要点,以及十个生词和短语。 |
| ● |
| 相关链接 |
|
|
|
正题名:跟我听
索取号:H319.9-44/Y750
 
预约/预借
| 序号 | 登录号 | 条形码 | 馆藏地/架位号 | 状态 | 备注 |
| 1 | 771404 | 207714044 | 语言库209/209语言库 115排2列1层/ [索取号:H319.9-44/Y750] | 在馆 | |
| 2 | 771405 | 207714053 | 语言库209/209语言库 115排2列1层/ [索取号:H319.9-44/Y750] | 在馆 | |
| 3 | 771406 | 207714062 | 语言库209/209语言库 115排2列1层/ [索取号:H319.9-44/Y750] | 在馆 | |
| 4 | 771407 | 207714071 | 语言库209/209语言库 115排2列1层/ [索取号:H319.9-44/Y750] | 在馆 | |
| 5 | 771408 | 207714080 | 语言库209/209语言库 115排2列1层/ [索取号:H319.9-44/Y750] | 在馆 |